000 01367nam a22002297a 4500
003 AR-RoUNCS
005 20260218153334.0
008 260218s2010 sp ||||r|||| 00| f spa d
020 _a978-84-15120-02-5
040 _aAR-RoUNCS
_cAR-RoUNCS
080 _082-312.4(988)
100 1 _aAdler-Olsen, Jussi,
_d1950-
_eautor
245 1 0 _aDepartamento Q :
_bla mujer que arañaba las paredes : el primer caso de Carl Mørck y su departamento especial Q /
_cJussi Adler-Olson ; traducción, Juan Mari Mendizabal.
300 _a415 p. ;
_c23 cm.
490 0 _aLetras nórdicas
520 1 _aLa misteriosa desaparición de Merete Lynggaard, una joven promesa de la política danesa, ocurrida en 2002, ya no parece interesarle a nadie. En su momento la policía de Copenhague no pudo encontrar ningún rastro de ella y el caso ha sido archivado. Sin embargo, cinco años después, el detective Carl Mørck,, jefe del Departamento Q, toma cartas en el asunto, pues su trabajo consiste, precisamente, en ocuparse de crímenes no resueltos. Una novela policiaca inquietante que quita la respiración y cuyos inesperados giros atraparán sin remedio al lector.
586 _aPremio Glass Key a la mejor novela policíaca 2010.
650 7 _2embne
_aLiteratura danesa
655 7 _2embne
_aNovelas policiales
700 1 _aMendizabal, Juan Mari,
_etraductor
942 _2udc
_cOG
_n0
999 _c908
_d908